00736nam a2200241Ia 450000500170000000800410001702000180005804000180007604100080009408200210010210000220012324500900014525000120023526000440024730000260029165000300031765000230034765000280037065000260039870000220042470000230044670000250046920230131144156.0210716s2013 xx 000 0 und d a9788131728840 cAIMIT LIBRARY aeng a658.56 29bKRAL aKrajewski, Lee J. aOperations management: bProcesses and supply chains /cBy Lee J Krajewski...[et.al]. a9th ed. aNew Delhi :bPearson Education ,c2011. axxi,647p. ;c27.5 cm. aCompeting with operations aProject management aQuality and performance aConstraint management aRitzman, Larry P. aMalhotra, Manoj K. aSrivastava, Samir K.